Statistics for Countries Most Similar To Uruguay

Click here to take the quiz!

General Stats

  • This quiz has been taken 33 times
  • The average score is 15 of 20

Answer Stats

RankCountryScore% Correct
4Brazil72.8
100%
3Paraguay73.8
100%
2Chile76.6
96%
9Mexico69.7
96%
1Argentina81.2
92%
6Colombia71.8
92%
8Peru69.7
92%
7Venezuela70.8
92%
20Bolivia65.1
88%
13Panama68.1
88%
12Ecuador68.5
84%
5Spain72.1
84%
10Portugal69.4
80%
16Italy67.2
72%
15France67.3
68%
11Costa Rica68.9
64%
18El Salvador65.7
64%
14Dominican Republic68
48%
17Croatia66.1
16%
19Romania65.1
12%

Score Distribution

Percentile by Number Answered

Percent of People with Each Score

Your Score History

You have not taken this quiz